A dorozsmai villamos
Elmentve itt :
| Szerző: | |
|---|---|
| Dokumentumtípus: | Cikk |
| Megjelent: |
2007-07-06
|
| Sorozat: | Délmagyarország
97 No. 156 |
| Kulcsszavak: | Szeged-Kiskundorozsma, Közlekedés úthálózat város Szeged - Kiskundorozsma, Közlekedés tömegközlekedés 7-es villamos történente |
| Online Access: | http://dmarchiv.bibl.u-szeged.hu/138488 |
| LEADER | 00563nab a2200157 i 4500 | ||
|---|---|---|---|
| 001 | delm138488 | ||
| 005 | 20191220105632.0 | ||
| 008 | 191220s2007 hu o 0|| hun d | ||
| 040 | |a SZTE Délmagyarország Archívum |b hun | ||
| 041 | |a hun | ||
| 100 | 1 | |a Nagy István | |
| 245 | 1 | 2 | |a A dorozsmai villamos |h [elektronikus dokumentum] / |c Nagy István |
| 260 | |c 2007-07-06 | ||
| 300 | |a 13 | ||
| 490 | 0 | |a Délmagyarország |v 97 No. 156 | |
| 695 | |a Szeged-Kiskundorozsma, Közlekedés úthálózat város Szeged - Kiskundorozsma, Közlekedés tömegközlekedés 7-es villamos történente | ||